[Event "Fort Lauderdale 1000 GM IM 08"]
[Site "Fort Lauderdale"]
[Date "2023.08.03"]
[Round "3"]
[White "Johnson, Donald"]
[Black "Mahajan, Rushaan"]
[Result "1-0"]
[WhiteElo "2175"]
[BlackElo "2228"]
[PlyCount "75"]
[EventDate "2023.08.02"]
[EventType "tourn"]
[EventRounds "9"]
[EventCountry "USA"]
[SourceTitle "CBM 215 Extra"]
[Source "ChessBase"]
[SourceDate "2023.09.30"]
[SourceVersion "1"]
[SourceVersionDate "2023.09.30"]
[SourceQuality "1"]

1. e4 e5 2. Nf3 Nc6 3. Bb5 a6 4. Ba4 Nf6 5. 0-0 Be7 6. Re1 b5 7. Bb3 d6 8. c3 0-0 9. h3 Nb8 10. d4 Nbd7 11. Nbd2 Bb7 12. Bc2 Re8 13. Nf1 Bf8 14. Ng3 g6 15. a4 Bg7 16. Bd3 exd4 17. cxd4 c5 18. axb5 axb5 19. Rxa8 Bxa8 20. dxc5 Nxc5 21. Bxb5 Rxe4 22. Nxe4 Nfxe4 23. Be3 Ne6 24. Qc2 N4c5 25. b4 Be4 26. Qd1 Nb7 27. Bd3 Bc6 28. Bc4 Bc3 29. Rf1 Qe8 30. Qb3 Bf6 31. Bd5 Nc7 32. Bxc6 Qxc6 33. Rc1 Qd7 34. Qc4 Bd8 35. Qc6 Qxc6 36. Rxc6 Ne6 37. Rc8 d5 38. Rb8 1-0

[Event "Fort Lauderdale 1000 GM IM 08"]
[Site "Fort Lauderdale"]
[Date "2023.08.03"]
[Round "2"]
[White "Mahajan, Rushaan"]
[Black "Ren, Jesse"]
[Result "1/2-1/2"]
[WhiteElo "2228"]
[BlackElo "2146"]
[PlyCount "67"]
[EventDate "2023.08.02"]
[EventType "tourn"]
[EventRounds "9"]
[EventCountry "USA"]
[SourceTitle "CBM 215 Extra"]
[Source "ChessBase"]
[SourceDate "2023.09.30"]
[SourceVersion "1"]
[SourceVersionDate "2023.09.30"]
[SourceQuality "1"]

1. Nf3 Nf6 2. g3 g6 3. b3 d5 4. Bb2 c5 5. c4 d4 6. b4 b6 7. Bg2 Bb7 8. 0-0 Bg7 9. Qb3 Qc7 10. bxc5 bxc5 11. e3 dxe3 12. dxe3 Nbd7 13. Nc3 0-0 14. Nd5 Bxd5 15. cxd5 Rab8 16. Qa3 Rxb2 17. Qxb2 Nxd5 18. Qa3 Bxa1 19. Rxa1 N5f6 20. Rc1 Rc8 21. Nd4 Qb6 22. Qa4 Ne5 23. Nb5 a6 24. Na3 Qb2 25. Rd1 Neg4 26. Nc2 Qb5 27. Qxb5 axb5 28. a3 Ne5 29. Rb1 Rd8 30. Ne1 c4 31. Rxb5 Rd1 32. Rxe5 Rxe1+ 33. Bf1 Ng4 34. Rc5 1/2-1/2

[Event "Los Angeles 1000GM IM 02"]
[Site "Los Angeles"]
[Date "2023.02.23"]
[Round "4"]
[White "Proleiko, Julian"]
[Black "Mahajan, Rushaan"]
[Result "1/2-1/2"]
[WhiteElo "2191"]
[BlackElo "2317"]
[PlyCount "103"]
[EventDate "2023.02.22"]
[EventType "tourn"]
[EventRounds "9"]
[EventCountry "USA"]
[EventCategory "3"]
[SourceTitle "CBM 213 Extra"]
[Source "ChessBase"]
[SourceDate "2023.05.31"]
[SourceVersion "1"]
[SourceVersionDate "2023.05.31"]
[SourceQuality "1"]

1. e4 e5 2. Nf3 Nc6 3. Bb5 a6 4. Ba4 Nf6 5. 0-0 Be7 6. Re1 b5 7. Bb3 d6 8. c3 0-0 9. h3 Nb8 10. d4 Nbd7 11. Nbd2 Bb7 12. a4 h6 13. Bc2 Re8 14. Nf1 Bf8 15. Ng3 g6 16. b4 d5 17. dxe5 Nxe4 18. Nxe4 dxe4 19. Bxe4 Bxe4 20. Rxe4 Nxe5 21. Rd4 Nxf3+ 22. Qxf3 Qc8 23. Bf4 Bg7 24. Rd5 bxa4 25. Rc5 Qe6 26. Rxa4 Qb3 27. Ra1 Rac8 28. Kh2 Re6 29. Qb7 Rce8 30. Rxc7 Bxc3 31. Rc1 Qxb4 32. Rxf7 Qxb7 33. Rxb7 Bg7 34. Rcc7 Bf8 35. Ra7 g5 36. Bg3 R8e7 37. Rxe7 Bxe7 38. f4 gxf4 39. Bxf4 Kf7 40. g4 Kg6 41. Kg2 Bc5 42. Rc7 Bb6 43. Rd7 Re2+ 44. Kf3 Re6 45. h4 h5 46. gxh5+ Kxh5 47. Rd5+ Kg6 48. Kg4 Be3 49. Be5 Rc6 50. Rd6+ Rxd6 51. Bxd6 a5 52. Kf3 1/2-1/2

[Event "Los Angeles 1000GM IM 02"]
[Site "Los Angeles"]
[Date "2023.02.22"]
[Round "2"]
[White "Cervantes Landeiro, Thalia"]
[Black "Mahajan, Rushaan"]
[Result "1-0"]
[WhiteElo "2268"]
[BlackElo "2317"]
[PlyCount "65"]
[EventDate "2023.02.22"]
[EventType "tourn"]
[EventRounds "9"]
[EventCountry "USA"]
[EventCategory "3"]
[SourceTitle "CBM 213 Extra"]
[Source "ChessBase"]
[SourceDate "2023.05.31"]
[SourceVersion "1"]
[SourceVersionDate "2023.05.31"]
[SourceQuality "1"]

1. d4 Nf6 2. c4 e6 3. Nf3 d5 4. Nc3 Nbd7 5. cxd5 exd5 6. Bf4 Nb6 7. e3 Bf5 8. Be2 Bd6 9. Ne5 0-0 10. g4 Be6 11. Qc2 Ne4 12. h4 Re8 13. g5 c5 14. Nxe4 dxe4 15. dxc5 Rc8 16. b4 f6 17. gxf6 gxf6 18. Rg1+ Kh8 19. Qb2 Na4 20. Qd4 Bb8 21. Qxe4 Bxe5 22. Bxe5 Bd5 23. Qxd5 Rxe5 24. Qb3 Qe8 25. Rd1 b6 26. Bc4 Qc6 27. Rd6 Qe4 28. Be2 Nxc5 29. bxc5 Rexc5 30. Rd1 Qxh4 31. Qf7 Qh6 32. Bf3 R5c7 33. Qxc7 1-0

[Event "Titled Tuesday intern op 11th Oct Late"]
[Site "Chess.com INT"]
[Date "2022.10.11"]
[Round "2"]
[White "Mahajan, Rushaan"]
[Black "Ward, Ieuan C"]
[Result "0-1"]
[WhiteElo "2248"]
[BlackElo "2028"]
[PlyCount "66"]
[EventDate "2022.10.11"]
[EventType "swiss (blitz)"]
[EventRounds "11"]
[EventCountry "USA"]
[SourceTitle "EXT 2024"]
[Source "ChessBase"]
[SourceDate "2023.10.10"]
[SourceVersion "1"]
[SourceVersionDate "2023.10.10"]
[SourceQuality "1"]

1. Nf3 d5 2. g3 Nf6 3. Bg2 e6 4. c4 Be7 5. d4 0-0 6. Nc3 a6 7. b3 c5 8. cxd5 exd5 9. 0-0 Nc6 10. Bb2 Bg4 11. dxc5 Bxc5 12. Rb1 Ne4 13. Nxd5 Qa5 14. Qd3 Rfe8 15. h3 Bh5 16. b4 Nxb4 17. Nxb4 Bxb4 18. Qd4 Bf8 19. Rfd1 Rad8 20. Qc4 Rxd1+ 21. Rxd1 Bxf3 22. Bxf3 Nd2 23. Qc3 Nxf3+ 24. Qxf3 Qxa2 25. Qc3 Rxe2 26. Rd8 Qxb2 27. Qc5 Qb1+ 28. Kh2 h6 29. Qxf8+ Kh7 30. Qg8+ Kg6 31. Rd6+ f6 32. Kg2 Qe4+ 33. Kf1 Re1# 0-1

[Event "Titled Tuesday intern op 04th Oct Late"]
[Site "Chess.com INT"]
[Date "2022.10.04"]
[Round "2"]
[White "Mahajan, Rushaan"]
[Black "Ankerst, Mihael"]
[Result "0-1"]
[WhiteElo "2248"]
[BlackElo "2370"]
[PlyCount "110"]
[EventDate "2022.10.04"]
[EventType "swiss (blitz)"]
[EventRounds "11"]
[EventCountry "USA"]
[SourceTitle "EXT 2023"]
[Source "ChessBase"]
[SourceDate "2022.10.05"]
[SourceVersion "1"]
[SourceVersionDate "2022.10.05"]
[SourceQuality "1"]

1. Nf3 Nf6 2. g3 g6 3. b3 Bg7 4. Bb2 a5 5. c4 a4 6. b4 c5 7. a3 Qb6 8. b5 0-0 9. Nc3 Qa5 10. Bg2 d6 11. 0-0 Be6 12. d3 Nbd7 13. Rc1 Nb6 14. Ng5 Bc8 15. Qc2 Re8 16. e3 Qa7 17. f4 Ng4 18. Rce1 Qb8 19. h3 Nf6 20. e4 e6 21. e5 dxe5 22. fxe5 Nh5 23. Nxf7 Rf8 24. Nd6 Rxf1+ 25. Rxf1 Bxe5 26. Qf2 Bd4 27. Qxd4 cxd4 28. Nce4 Nxg3 29. Nf6+ Kh8 30. Nf7+ Kg7 31. Rf2 e5 32. Ne8+ Kf8 33. Nfd6+ Nf5 34. c5 Nd7 35. c6 Nc5 36. c7 Qa7 37. Bc1 Ke7 38. Bg5+ Kd7 39. Bd5 Qa5 40. Nc4 Qe1+ 41. Rf1 Qg3+ 42. Kh1 Qxg5 43. Nxe5+ Kxe8 44. Bf7+ Ke7 45. Bd5 Ng3+ 46. Kg2 Nxf1+ 47. Kxf1 Qf4+ 48. Nf3 Nxd3 49. b6 Ne5 50. Be4 Nxf3 51. Ke2 Qxe4+ 52. Kf2 Qe3+ 53. Kg3 d3 54. h4 Ne5+ 55. Kh2 Qf2+ 0-1

[Event "Titled Tuesday intern op 04th Oct Late"]
[Site "Chess.com INT"]
[Date "2022.10.04"]
[Round "3"]
[White "Osmonbekov, Talaibek D"]
[Black "Mahajan, Rushaan"]
[Result "0-1"]
[WhiteElo "2137"]
[BlackElo "2248"]
[PlyCount "108"]
[EventDate "2022.10.04"]
[EventType "swiss (blitz)"]
[EventRounds "11"]
[EventCountry "USA"]
[SourceTitle "EXT 2023"]
[Source "ChessBase"]
[SourceDate "2022.10.05"]
[SourceVersion "1"]
[SourceVersionDate "2022.10.05"]
[SourceQuality "1"]

1. d4 e6 2. Bf4 Nf6 3. Nc3 a6 4. e4 Bb4 5. Bd3 d5 6. e5 Ne4 7. Bd2 Nxd2 8. Qxd2 c5 9. a3 Bxc3 10. bxc3 c4 11. Be2 Nc6 12. f4 Bd7 13. Nf3 Qe7 14. a4 0-0-0 15. 0-0 f5 16. Rfb1 Kc7 17. a5 h6 18. Rb2 Rb8 19. h3 Rhg8 20. Bxc4 dxc4 21. d5 exd5 22. Qxd5 Be6 23. Qd2 Rgd8 24. Qf2 Rd5 25. Rab1 Qc5 26. Nd4 Nxd4 27. Kh1 Nb3 28. Qg3 Rd7 29. cxb3 cxb3 30. Qg6 Qc6 31. c4 Rbd8 32. Rxb3 Kc8 33. Rb6 Qxc4 34. Qxe6 Qxe6 35. Rxe6 Rd1+ 36. Rxd1 Rxd1+ 37. Kh2 Rd5 38. Rg6 Rxa5 39. Rxg7 Rd5 40. Rf7 a5 41. e6 Rd8 42. Rxf5 b6 43. Re5 a4 44. e7 Re8 45. f5 Kd7 46. f6 a3 47. f7 a2 48. fxe8Q+ Kxe8 49. Re1 b5 50. Kg3 b4 51. Rf1 b3 52. Kf4 b2 53. Ke5 b1Q 54. Rxb1 axb1Q 0-1

[Event "Los Angeles Labor Day IM"]
[Site "Los Angeles"]
[Date "2022.09.04"]
[Round "8"]
[White "Mahajan, Rushaan"]
[Black "Heimann, Mark A"]
[Result "0-1"]
[WhiteElo "2232"]
[BlackElo "2401"]
[PlyCount "126"]
[EventDate "2022.09.01"]
[EventType "tourn"]
[EventRounds "9"]
[EventCountry "USA"]
[EventCategory "2"]
[SourceTitle "CBM 210 Extra"]
[Source "ChessBase"]
[SourceDate "2022.11.30"]
[SourceVersion "1"]
[SourceVersionDate "2022.11.30"]
[SourceQuality "1"]

1. Nf3 c5 2. c4 Nc6 3. d4 cxd4 4. Nxd4 e6 5. Nc3 Bb4 6. Bf4 Qf6 7. Nxc6 Bxc3+ 8. bxc3 Qxf4 9. Qd4 Qxd4 10. Nxd4 Nf6 11. g3 b6 12. Bg2 Rb8 13. Rb1 Bb7 14. Bxb7 Rxb7 15. c5 Ne4 16. cxb6 Rxb6 17. Rxb6 axb6 18. Nb5 Ke7 19. f3 Nc5 20. Kd2 Ra8 21. a3 d5 22. Rb1 Kd7 23. c4 dxc4 24. Kc3 e5 25. Kxc4 Kc6 26. Rb2 f6 27. Rb1 h5 28. Rb2 g5 29. Rb1 h4 30. e3 h3 31. Rb2 Ra4+ 32. Rb4 Ra5 33. g4 Ra8 34. Rb2 Ra4+ 35. Rb4 Ra5 36. f4 Na6 37. Rb2 gxf4 38. exf4 Ra4+ 39. Kd3 Rxf4 40. Na7+ Kb7 41. Nb5 Rxg4 42. Rf2 Nc5+ 43. Ke3 Ne4 44. Rf3 Rh4 45. a4 Kc6 46. Rf1 Kc5 47. Nc7 Nd6 48. Ne6+ Kd5 49. Rxf6 Rxa4 50. Nc7+ Kc5 51. Re6 Ra3+ 52. Ke2 Nc4 53. Kf2 b5 54. Ra6 b4 55. Ne6+ Kd5 56. Nc7+ Ke4 57. Rc6 Rf3+ 58. Ke2 Rc3 59. Nb5 Rc2+ 60. Ke1 Ke3 61. Kd1 b3 62. Nc3 Nb2+ 63. Ke1 Rc1+ 0-1

[Event "Hollywood Classic 3rd"]
[Site "Los Angeles"]
[Date "2022.08.07"]
[Round "8"]
[White "Stopa, Jacek"]
[Black "Mahajan, Rushaan"]
[Result "1-0"]
[WhiteElo "2399"]
[BlackElo "2051"]
[PlyCount "73"]
[EventDate "2022.08.03"]
[EventType "swiss"]
[EventRounds "9"]
[EventCountry "USA"]
[SourceTitle "CBM 209 Extra"]
[Source "ChessBase"]
[SourceDate "2022.09.30"]
[SourceVersion "1"]
[SourceVersionDate "2022.09.30"]
[SourceQuality "1"]

1. d4 Nf6 2. Nc3 d5 3. Bg5 c6 4. Qd2 Nbd7 5. 0-0-0 Nb6 6. e3 h6 7. Bh4 Nc4 8. Bxc4 dxc4 9. Nf3 Qa5 10. Ne5 Be6 11. Kb1 0-0-0 12. f4 Ng4 13. f5 Nxe5 14. fxe6 fxe6 15. Qe2 Nd7 16. Qxc4 e5 17. d5 Qc7 18. Bg3 g5 19. Rd3 Bg7 20. dxc6 Qxc6 21. Qg4 e6 22. Ne4 h5 23. Qxg5 Qxe4 24. Qxg7 h4 25. Rxd7 hxg3 26. Rxd8+ Rxd8 27. Qxg3 Rd2 28. Qg8+ Kc7 29. Qf7+ Kd6 30. Qf8+ Kd7 31. Rc1 Qxg2 32. Qb8 Qd5 33. Qxa7 Rd1 34. b3 Kc7 35. Rxd1 Qxd1+ 36. Kb2 Qh1 37. Qc5+ 1-0

[Event "Hollywood Classic 3rd"]
[Site "Los Angeles"]
[Date "2022.08.06"]
[Round "7"]
[White "Mahajan, Rushaan"]
[Black "Kretchetov, Alexandre"]
[Result "1-0"]
[WhiteElo "2051"]
[BlackElo "2215"]
[PlyCount "65"]
[EventDate "2022.08.03"]
[EventType "swiss"]
[EventRounds "9"]
[EventCountry "USA"]
[SourceTitle "CBM 209 Extra"]
[Source "ChessBase"]
[SourceDate "2022.09.30"]
[SourceVersion "1"]
[SourceVersionDate "2022.09.30"]
[SourceQuality "1"]

1. Nf3 Nf6 2. g3 g6 3. b3 Bg7 4. Bb2 0-0 5. Bg2 c5 6. c4 Nc6 7. 0-0 d6 8. d4 cxd4 9. Nxd4 Bd7 10. Nc2 a6 11. Nc3 Rb8 12. Qd2 b5 13. Ne3 Ne5 14. cxb5 axb5 15. Rfd1 Re8 16. Rac1 Be6 17. Ncd5 Nxd5 18. Nxd5 Bxd5 19. Bxd5 b4 20. Bg2 Rf8 21. h3 Nd7 22. Bxg7 Kxg7 23. Rc4 Qa5 24. Rh4 h5 25. a4 Nf6 26. Rc1 d5 27. g4 e6 28. Qd4 hxg4 29. hxg4 Qb6 30. Qe5 Rh8 31. Rxh8 Rxh8 32. g5 Qxf2+ 33. Kxf2 1-0

[Event "Hollywood Classic  1st"]
[Site "Los Angeles"]
[Date "2022.07.21"]
[Round "3"]
[White "Gedajlovic, Max"]
[Black "Mahajan, Rushaan"]
[Result "1-0"]
[WhiteElo "2325"]
[BlackElo "2089"]
[PlyCount "59"]
[EventDate "2022.07.20"]
[EventType "tourn"]
[EventRounds "9"]
[EventCountry "USA"]
[EventCategory "2"]
[SourceTitle "CBM 209 Extra"]
[Source "ChessBase"]
[SourceDate "2022.09.30"]
[SourceVersion "1"]
[SourceVersionDate "2022.09.30"]
[SourceQuality "1"]

1. e4 c6 2. d4 d5 3. e5 c5 4. dxc5 e6 5. a3 Bxc5 6. Qg4 Ne7 7. Nf3 Qb6 8. Bd3 Bxf2+ 9. Ke2 Nbc6 10. Rf1 Nd4+ 11. Nxd4 Qxd4 12. Qxg7 Rg8 13. Qf6 Bh4 14. Qxf7+ Kd8 15. g3 Qxe5+ 16. Kd1 Bg5 17. Nc3 Bd7 18. Qf2 Be8 19. Bf4 Bh5+ 20. Kd2 Kd7 21. Rae1 Bxf4+ 22. gxf4 Qf6 23. Qc5 Rg2+ 24. Kc1 Bg6 25. f5 Bxf5 26. Bxf5 Nxf5 27. Nxd5 Qg5+ 28. Kb1 Rc8 29. Nf6+ Qxf6 30. Rd1+ 1-0

[Event "Hollywood Classic  1st"]
[Site "Los Angeles"]
[Date "2022.07.21"]
[Round "2"]
[White "Mahajan, Rushaan"]
[Black "Chen, Ryo"]
[Result "0-1"]
[WhiteElo "2089"]
[BlackElo "2242"]
[PlyCount "120"]
[EventDate "2022.07.20"]
[EventType "tourn"]
[EventRounds "9"]
[EventCountry "USA"]
[EventCategory "2"]
[SourceTitle "CBM 209 Extra"]
[Source "ChessBase"]
[SourceDate "2022.09.30"]
[SourceVersion "1"]
[SourceVersionDate "2022.09.30"]
[SourceQuality "1"]

1. Nf3 Nf6 2. g3 g6 3. b3 Bg7 4. Bb2 0-0 5. Bg2 d6 6. d4 b5 7. 0-0 Bb7 8. Na3 a6 9. c4 b4 10. Nc2 c5 11. d5 a5 12. a4 Nbd7 13. Qd3 Qc7 14. Rad1 Rad8 15. e4 Ne8 16. Bxg7 Nxg7 17. Qe2 e5 18. Nh4 Rde8 19. Ne3 Qd8 20. Bh3 Nf6 21. f3 Nfh5 22. Qg2 Kh8 23. Kh1 f5 24. exf5 g5 25. f6 Qxf6 26. Nhf5 Bc8 27. Nxg7 Bxh3 28. Qxh3 Nxg7 29. Ng4 Qg6 30. Qh6 Nf5 31. Qxg6 hxg6 32. Kg2 e4 33. fxe4 Rxe4 34. h3 Re2+ 35. Kg1 Kg7 36. Rd3 Rh8 37. Rf2 Rhe8 38. Rxe2 Rxe2 39. Nf2 Re1+ 40. Kg2 Nd4 41. h4 Kf6 42. hxg5+ Kxg5 43. Nh3+ Kf5 44. Nf4 Rb1 45. Ne6 Ke4 46. Rd2 Rxb3 47. Nxd4 cxd4 48. c5 Rc3 49. cxd6 Rc8 50. Rf2 Rd8 51. Rf6 b3 52. d7 Rxd7 53. Rxg6 Rb7 54. d6 d3 55. Re6+ Kd4 56. Re7 Rb8 57. d7 b2 58. Re1 d2 59. Re8 b1Q 60. Rc8 Qb7+ 0-1

[Event "Titled Tuesday intern op 19th Jul Late"]
[Site "Chess.com INT"]
[Date "2022.07.19"]
[Round "1"]
[White "Winkels, Marcel"]
[Black "Mahajan, Rushaan"]
[Result "0-1"]
[WhiteElo "1939"]
[BlackElo "2089"]
[PlyCount "54"]
[EventDate "2022.07.19"]
[EventType "swiss (blitz)"]
[EventRounds "11"]
[EventCountry "USA"]
[SourceTitle "EXT 2023"]
[Source "ChessBase"]
[SourceDate "2022.10.05"]
[SourceVersion "1"]
[SourceVersionDate "2022.10.05"]
[SourceQuality "1"]

1. e4 c6 2. d4 d5 3. f3 e6 4. Nc3 Bb4 5. Bd2 Ne7 6. a3 Ba5 7. Qe2 Nd7 8. 0-0-0 0-0 9. g4 b5 10. Na2 Bxd2+ 11. Qxd2 Nb6 12. Nh3 a5 13. Bd3 Ba6 14. Ng5 Nc4 15. Qe2 Ng6 16. h4 Nxh4 17. Nxh7 Kxh7 18. exd5+ g6 19. dxe6 fxe6 20. Qxe6 Qg5+ 21. Kb1 Rf6 22. Qe7+ Kg8 23. f4 Qxf4 24. Rxh4 Rf7 25. Qe6 Qxd4 26. Rh8+ Kxh8 27. Qxf7 Qxb2# 0-1

[Event "Reykjavik Kvika op"]
[Site "Reykjavik"]
[Date "2022.04.11"]
[Round "8"]
[White "Bjornsson, Sigurbjorn"]
[Black "Mahajan, Rushaan"]
[Result "1-0"]
[WhiteElo "2306"]
[BlackElo "2101"]
[PlyCount "117"]
[EventDate "2022.04.06"]
[EventType "swiss"]
[EventRounds "9"]
[EventCountry "ISL"]
[SourceTitle "CBM 207 Extra"]
[Source "ChessBase"]
[SourceDate "2022.05.31"]
[SourceVersion "1"]
[SourceVersionDate "2022.05.31"]
[SourceQuality "1"]

1. e4 c6 2. d4 d5 3. e5 c5 4. dxc5 e6 5. a3 Bxc5 6. b4 Be7 7. Nf3 a5 8. b5 Nd7 9. c4 dxc4 10. Bxc4 Qc7 11. Qe2 Nb6 12. Nbd2 Bd7 13. a4 Rc8 14. Bb3 Nh6 15. 0-0 0-0 16. Ne4 Ng4 17. Bb2 Nd5 18. Rac1 Qb8 19. h3 Nh6 20. Qd2 Nf5 21. Bxd5 exd5 22. Qxd5 Be6 23. Qd2 Bb4 24. Qf4 h6 25. g4 Ne7 26. Nf6+ Kh8 27. Nh5 Ng6 28. Qe3 Rxc1 29. Rxc1 Qd8 30. Nf6 Qb8 31. Ne4 Rd8 32. Nd6 Kg8 33. Nf5 Rd5 34. Qe4 Qd8 35. Ne3 Rd7 36. Nd4 Bd2 37. Nxe6 fxe6 38. Qxg6 Bxe3 39. Qxe6+ Kh8 40. fxe3 Rd1+ 41. Rxd1 Qxd1+ 42. Kf2 Qd2+ 43. Kf3 Qd1+ 44. Ke4 Qc2+ 45. Kd5 Qxb2 46. Qc8+ Kh7 47. Qc4 Qd2+ 48. Qd4 Qa2+ 49. Kd6 Qh2 50. Qe4+ Kh8 51. Qxb7 Qxh3 52. Qa8+ Kh7 53. Qe4+ Kh8 54. b6 Qf1 55. b7 Qf8+ 56. Kc6 Qe8+ 57. Kb6 Qd8+ 58. Ka7 h5 59. b8Q 1-0

[Event "Reykjavik Kvika op"]
[Site "Reykjavik"]
[Date "2022.04.06"]
[Round "1"]
[White "Mahajan, Rushaan"]
[Black "Korley, Kassa"]
[Result "0-1"]
[WhiteElo "2101"]
[BlackElo "2400"]
[PlyCount "112"]
[EventDate "2022.04.06"]
[EventType "swiss"]
[EventRounds "9"]
[EventCountry "ISL"]
[SourceTitle "CBM 207 Extra"]
[Source "ChessBase"]
[SourceDate "2022.05.31"]
[SourceVersion "1"]
[SourceVersionDate "2022.05.31"]
[SourceQuality "1"]

1. Nf3 d5 2. g3 Nf6 3. Bg2 e6 4. c4 Be7 5. d4 0-0 6. Nc3 c6 7. 0-0 Nbd7 8. b3 b6 9. Qd3 Ba6 10. Nd2 c5 11. dxc5 Bxc5 12. Qf3 Ne5 13. Qf4 Ng6 14. Qf3 Rc8 15. cxd5 Bd4 16. Bb2 Nxd5 17. Na4 Bxb2 18. Nxb2 Rc3 19. Nd3 Ne5 20. Qh5 Nxd3 21. exd3 Nf6 22. Qh4 Rxd3 23. Qa4 Rxd2 24. Qxa6 Qd4 25. Qc4 Qxc4 26. bxc4 Rc8 27. Rfc1 g5 28. h3 Rc5 29. Rc3 Nd7 30. Ra3 a5 31. Rc3 b5 32. Rac1 b4 33. R3c2 Rd4 34. Bf1 Nb6 35. Be2 Na4 36. Kf1 Nc3 37. Ke1 Re4 38. f3 Rd4 39. a3 Nxe2 40. Kxe2 b3 41. Ke3 e5 42. Rc3 a4 43. g4 Kg7 44. Ke2 Kg6 45. Ke3 h5 46. Ke2 f5 47. Rd3 hxg4 48. hxg4 fxg4 49. Rxd4 gxf3+ 50. Kxf3 exd4 51. Ke4 b2 52. Rb1 Rxc4 53. Rxb2 Rc3 54. Kxd4 Rxa3 55. Rb6+ Kh5 56. Ra6 Rf3 0-1

[Event "Titled Tuesday intern op 29th Mar Late"]
[Site "Chess.com INT"]
[Date "2022.03.29"]
[Round "2"]
[White "Mahajan, Rushaan"]
[Black "Winkels, Marcel"]
[Result "1-0"]
[WhiteElo "2081"]
[BlackElo "1974"]
[PlyCount "63"]
[EventDate "2022.03.29"]
[EventType "swiss (blitz)"]
[EventRounds "11"]
[EventCountry "USA"]
[SourceTitle "CBM 207 Extra"]
[Source "ChessBase"]
[SourceDate "2022.05.31"]
[SourceVersion "1"]
[SourceVersionDate "2022.05.31"]
[SourceQuality "1"]

1. Nf3 Nf6 2. b3 g6 3. Ba3 Bg7 4. Bb2 0-0 5. g3 c6 6. Bg2 d5 7. 0-0 Bf5 8. c4 a5 9. Nc3 Ne4 10. Na4 Nf6 11. d4 Na6 12. Rc1 Nb4 13. a3 Na6 14. cxd5 cxd5 15. Ne5 Ne4 16. g4 Be6 17. h3 f5 18. f3 Nd6 19. Nd3 b5 20. Nac5 Nxc5 21. dxc5 Bxb2 22. Nxb2 Nf7 23. Qd4 Rc8 24. Rfd1 Qc7 25. f4 fxg4 26. hxg4 Bxg4 27. Bxd5 Bxe2 28. Re1 Bg4 29. Nd3 Bf5 30. Ne5 e6 31. Nc6 exd5 32. Ne7+ 1-0